| 000 | 00641nam a2200193Ia 4500 | ||
|---|---|---|---|
| 008 | 151119s9999||||xx |||||||||||||| ||und|| | ||
| 082 | _a922.945 | ||
| 082 | _bGKKV24134 | ||
| 100 | _a"फळणीकर, श्रीपाद" | ||
| 245 | _aश्री गुरुस्मृती सौरभ | ||
| 260 | _a-- | ||
| 260 | _b-- | ||
| 260 | _c1989 | ||
| 600 | _a"फळणीकर, श्रीपाद" | ||
| 630 | _aश्री गुरुस्मृती सौरभ | ||
| 700 | _a"फळणीकर, श्रीपाद" | ||
| 730 | _aश्री गुरुस्मृती सौरभ | ||
| 942 | _cBOOK | ||
| 999 |
_c1076736 _d1076733 |
||